00784nam a2200229Ia 45000010006000000050017000060070003000230080041000260200018000670400025000850410008001100820025001181000029001432450080001722500014002522600049002663000030003156530047003459420012003929520133004049990017005375206220240114005250.0ta100323s1996 a g b000 u 346 u a81-7293-347-9 aCotton College,Guwah a346 a891.44309bDu 954 Ba aDutta, Dr. Bijit Kumar . 0aBanglasahityey Aitihasik upanyas /cDr. Bijit Kr. Dutta.hTextual Documents a4th ed. / aKolkata :bMitra O Ghosh Publishers ,c1996. a343 :bPhotos,Fascimile ; aBengali Literature,Bengali Novel-Criticism 2ddccBK 001040708Circulation(G)aSKBLbSKBLd2012-02-01f00000l0o891.44309 Du 954 Bap92792r2024-01-14 00:00:00t1w2012-02-01yBK c52026d52026